1492 1421 1593 1331 1414 1905 1739 1196 1556 1674 1284 1387 1767 1956 1600 1931 1637 1709 1321 1839 1959 1881 1564 1776 1887 1002 1997 1571 1728 1609 1252 1419 1892 1119 1167 1950 1701 1822 1908 1386 1048 1965 1778 1809 1061 1834 1958 1203 1380 1062 1280 1673 1842 1246 1093 1543 1020 1186 1042 1304 1412 1417 1390 1218 1943 1317 1291 1204 1485 1882 1083 1719 1932 1903 1900 1077 1345 1681 1115 1506 1178 1281 1814 1603 1937 1877 1909 1123 1500 1814 1233 1711 1386 1314 1290 1560 1644 1939 1327 BCNSPRNW ULIB Ver.6.0+V

เปลี่ยนเป็นภาษาไทย

Change to English
 แสดงรายละเอียดบรรณานุกรม
  กลับหน้าหลัก

Brief Record : Get Marc (ISO 2709) : E-mail record : QR code < ปิดหน้าต่าง
LEADER : 00000nam 2200000uu 4500
001    13399113803
003     ULIB
008    110627s||||||||th 000 0 tha d
020    9786167081571
090    นว.^bอ332ต มปป.
100 0  อรพรรณ
245 00 ตำนานรักบัลลังค์ไอยคุปต์/^cอรพรรณ
250    พิมพ์ครั้งที่ 1
260    กรุงเทพฯ :^bกรีนมายด์,^cมปป.
300    298 หน้า
710 1  กรีนมายด์
945    ^p229^l0^i028042
995    ทศพร
999 ^a ใช้งานได้ทุกระบบ
รายการนี้ยังไม่มีแท็ก
คุณยังไม่ได้ล็อกอิน คุณสามารถมีกิจกรรมร่วมกับเว็บไซต์ได้ แต่ต้องล็อกอินก่อน ::
  ล็อกอิน

รายการสื่อสารสนเทศ

ลำดับที่ ประเภท เลขเรียก/บาร์โค้ด สถานที่ สถานะ
1. นวนิยาย
นวนิยาย
นว. อ332ต มปป. ฉ.1 
  Barcode: 028042
ห้องสมุดวิทยาเขตสวรรค์ประชารักษ์
►นวนิยาย
บนชั้น
  ขอยืม

รายการใกล้เคียง
    ผู้แต่ง [อรพรรณ]

BibComment


ยังไม่เคยถูกคอมเมนท์

คอมเมนท์ทรัพยากรรายการนี้
  คอมเมนท์: ตำนานรักบัลลังค์ไ..


 Copyright 2026. Bcnsprnw @Library